000 00506nam a2200181Ia 4500
005 20250326141903.0
008 250326s9999 xx 000 0 und d
037 _aTextbook
040 _aFMSL
_beng
_cFMSL
041 _aeng
_2eng
084 _qFMSL
100 _aTimes Research Foundation
_9745223
245 0 _aSelect Readings on productivity
_cTimes Research Foundation
260 _aPune
_bPune, Times Research foundation
_c1983
300 _a228p
942 _cTB
999 _c1292450
_d1292450